भारतीय गाय सृष्टि संवर्धक/ (Record no. 198623)
[ view plain ]
| 000 -LEADER | |
|---|---|
| fixed length control field | 00773nam a22001697a 4500 |
| 005 - DATE AND TIME OF LATEST TRANSACTION | |
| control field | 20230927155025.0 |
| 020 ## - INTERNATIONAL STANDARD BOOK NUMBER | |
| International Standard Book Number | 9788195680023 |
| Terms of availability | 495.00 |
| 082 ## - DEWEY DECIMAL CLASSIFICATION NUMBER | |
| Classification number | 591 |
| Edition number | प्रथम |
| 100 ## - MAIN ENTRY--PERSONAL NAME | |
| Personal name | जोशी, देवेन्द्र |
| 245 ## - TITLE STATEMENT | |
| Title | भारतीय गाय सृष्टि संवर्धक/ |
| Statement of responsibility, etc | देवेन्द्र जोशी, |
| 250 ## - EDITION STATEMENT | |
| Edition statement | प्रथम |
| 260 ## - PUBLICATION, DISTRIBUTION, ETC. (IMPRINT) | |
| Place of publication, distribution, etc | Delhi |
| Name of publisher, distributor, etc | Mallika Books |
| Date of publication, distribution, etc | 2019 |
| 270 ## - ADDRESS | |
| Address | 348, Main Road, Sant Nagar, Burari |
| City | Delhi |
| Postal code | 110084 |
| Telephone number | 011-27612927 |
| -- | 9650302773 |
| Electronic mail address | mallikabooks@yahoo.in |
| 300 ## - PHYSICAL DESCRIPTION | |
| Extent | 118प. |
| Other physical details | 22सी.मी(सजिल्द) |
| 942 ## - ADDED ENTRY ELEMENTS (KOHA) | |
| Source of classification or shelving scheme | Dewey Decimal Classification |
| Item type | Hindi Books |
| Classification part | 591 |
| Call number suffix | देवेन्द्र |
| Withdrawn status | Lost status | Not for loan | Collection code | Home library | Current library | Date acquired | Source of acquisition | Cost, normal purchase price | Full call number | Barcode | Copy number | Cost, replacement price | Koha item type |
|---|---|---|---|---|---|---|---|---|---|---|---|---|---|
| Non-fiction | Mobile Library | Mobile Library | 27/09/2023 | उपहार | 495.00 | 591 देवेन्द्र | B-755873 | 1 | 495.00 | Hindi Books |
